Material Methods Researching and Thinking with Things (Record no. 547533)

MARC details
000 -LEADER
fixed length control field 00541nam a2200181Ia 4500
008 - FIXED-LENGTH DATA ELEMENTS--GENERAL INFORMATION
fixed length control field 240825s9999 xx 000 0 und d
020 ## - INTERNATIONAL STANDARD BOOK NUMBER
ISBN 9781473969407
Paper back/Hardbound pbk
082 ## - DEWEY DECIMAL CLASSIFICATION NUMBER
Classification number 301
Item number WOO
100 ## - MAIN ENTRY--AUTHOR NAME
Personal name Woodward, Sophie
245 #0 - TITLE STATEMENT
Title Material Methods Researching and Thinking with Things
Statement of responsibility, etc /Woodward
250 ## - EDITION STATEMENT
Edition statement 1st edition
260 ## - PUBLICATION, DISTRIBUTION, ETC. (IMPRINT)
Name of publisher Sage Publications
Year of publication 2020
300 ## - PHYSICAL DESCRIPTION
Number of Pages 194 pages
Dimensions 22cm.
504 ## - BIBLIOGRAPHY, ETC. NOTE
Bibliography, etc Includes bibliographies and index
650 ## - SUBJECT ADDED ENTRY--TOPICAL TERM
Topical Term Material culture Research Methodology ; Materials Research
942 ## - ADDED ENTRY ELEMENTS (KOHA)
Koha item type English Books
Holdings
Withdrawn status Lost status Damaged status Not for loan Home library Current library Shelving location Date acquired Full call number Accession Number Price effective from Koha item type
        Anna Centenary Library Anna Centenary Library 3RD FLOOR, B WING 21.06.2024 301 WOO 693468 21.06.2024 Reference

Find us on the map